Joseon Monarchs - Statistics

General Stats
  • This quiz has been taken 55 times
  • The average score is 17 of 27
Answer Stats
Reign Monarch % Correct
1392-1398 Taejo
88%
1455-1468 Sejo
85%
1418-1450 Sejong
85%
1863-1907 Gojong
79%
1400-1418 Taejong
79%
1800-1834 Sunjo
76%
1776-1800 Jeongjo
73%
1849-1863 Cheoljong
70%
1907-1910 Sunjong
70%
1450-1452 Munjong
67%
1623-1649 Injo
64%
1567-1608 Seonjo
64%
1724-1776 Yeongjo
64%
1659-1674 Hyeonjong
58%
1398-1400 Jeongjong
58%
1674-1720 Sukjong
58%
1494-1506 Yeonsangun
58%
1608-1623 Gwanghaegun
55%
1834-1849 Heonjong
55%
1649-1659 Hyojong
55%
1544-1545 Injong
55%
1469-1494 Seongjong
55%
1468-1469 Yejong
55%
1452-1455 Danjong
52%
1720-1724 Gyeongjong
52%
1506-1544 Jungjong
48%
1545-1567 Myeongjong
42%
No matching quizzes found
Score Distribution
Percent of People with Each Score
Percentile by Number Answered
Your Score History
You have not taken this quiz